[Event "Jose Marti Memorial"]
[Site "Jaguey Grande"]
[Date "2007.08.12"]
[Round "12"]
[White "Acosta, Ricardo"]
[Black "Ruiz Ponce, Fabio Luis"]
[Result "1/2-1/2"]
[WhiteElo "1909"]
[BlackElo "2043"]
[PlyCount "41"]
[EventDate "2007.08.01"]
[EventType "tourn"]
[EventRounds "14"]
[EventCountry "CUB"]
[SourceTitle "EXT 2019"]
[Source "ChessBase"]
[SourceDate "2018.10.10"]
[SourceVersion "1"]
[SourceVersionDate "2018.10.10"]
[SourceQuality "1"]

1. d4 d5 2. Nf3 e6 3. g3 Nf6 4. c4 dxc4 5. Bg2 Nc6 6. Qa4 Bb4+ 7. Bd2 Nd5 8. Bxb4 Ndxb4 9. 0-0 Bd7 10. Ne5 a5 11. Nxd7 Qxd7 12. Rd1 0-0 13. a3 Nd5 14. Qxc4 a4 15. Nd2 Na5 16. Qd3 Ra6 17. Ne4 Rb6 18. Rab1 Nb3 19. Qc4 Ra8 20. Nd2 Nxd2 21. Rxd2 1/2-1/2

[Event "Jose Marti Memorial"]
[Site "Jaguey Grande"]
[Date "2007.08.04"]
[Round "4"]
[White "Borges del Pino, Oliver"]
[Black "Ruiz Ponce, Fabio Luis"]
[Result "0-1"]
[WhiteElo "2145"]
[BlackElo "2043"]
[PlyCount "101"]
[EventDate "2007.08.01"]
[EventType "tourn"]
[EventRounds "14"]
[EventCountry "CUB"]
[SourceTitle "EXT 2019"]
[Source "ChessBase"]
[SourceDate "2018.10.10"]
[SourceVersion "1"]
[SourceVersionDate "2018.10.10"]
[SourceQuality "1"]

1. d4 Nf6 2. Nf3 g6 3. g3 Bg7 4. c4 c6 5. Nc3 d5 6. Bg2 0-0 7. 0-0 dxc4 8. e4 b5 9. Re1 Bb7 10. h3 Na6 11. Bf4 Nb4 12. Bf1 Nh5 13. Be3 Qc8 14. e5 f5 15. Bg5 Qe6 16. Qd2 c5 17. Nxb5 Bxf3 18. dxc5 Nd3 19. Nd4 Qd5 20. Nxf3 Qxf3 21. Re3 Qc6 22. Bxe7 Rfe8 23. Bg2 Qd7 24. Bd6 Rac8 25. Bd5+ Kh8 26. f4 Nxc5 27. Rd1 Ne6 28. Ra3 Bf8 29. Ra6 Nc5 30. e6 Qd8 31. Be5+ Bg7 32. Rd6 Qe7 33. Bc6 Ne4 34. Qd5 Nxd6 35. Qxd6 Qxd6 36. Rxd6 Bxe5 37. fxe5 Re7 38. Bd7 Rb8 39. Kg2 Rxb2+ 40. Kf3 Rb6 41. Bc6 c3 42. Rd8+ Kg7 43. Bd7 Rc6 44. Bxc6 c2 45. Rd7 c1Q 46. Rxe7+ Kh6 47. Rc7 Qc3+ 48. Kf2 Qxg3+ 49. Kf1 Qf4+ 50. Kg1 Qe3+ 51. Kh2 0-1

[Event "Jose Marti Memorial"]
[Site "Jaguey Grande"]
[Date "2007.08.02"]
[Round "2"]
[White "Ruiz Ponce, Fabio Luis"]
[Black "Cabrera Piedra, Arley"]
[Result "1-0"]
[WhiteElo "2043"]
[BlackElo "1967"]
[PlyCount "90"]
[EventDate "2007.08.01"]
[EventType "tourn"]
[EventRounds "14"]
[EventCountry "CUB"]
[SourceTitle "EXT 2019"]
[Source "ChessBase"]
[SourceDate "2018.10.10"]
[SourceVersion "1"]
[SourceVersionDate "2018.10.10"]
[SourceQuality "1"]

1. d4 Nf6 2. Nf3 g6 3. c4 Bg7 4. Nc3 0-0 5. e4 d6 6. Be2 e5 7. 0-0 exd4 8. Nxd4 Re8 9. f3 c6 10. Kh1 a5 11. Nc2 Na6 12. Bf4 Re6 13. Nd4 Re8 14. Nb3 Re6 15. c5 d5 16. Qd2 Nh5 17. Bd6 Rxd6 18. cxd6 Qxd6 19. f4 Nc7 20. exd5 a4 21. dxc6 Qxc6 22. Nd4 Qb6 23. Rad1 Nf6 24. Ndb5 Be6 25. Qd4 Qxd4 26. Rxd4 Nxb5 27. Bxb5 a3 28. Ra4 Rxa4 29. Nxa4 axb2 30. Nxb2 Bxa2 31. Ra1 Bd5 32. Ra8+ Bf8 33. Nd1 Kg7 34. Nc3 Be6 35. Ra4 h5 36. Bc4 Bd7 37. Ra7 Bc6 38. Bb5 Bc5 39. Ra8 Bd4 40. Bxc6 bxc6 41. Ne2 Be3 42. Rc8 c5 43. g3 Nd5 44. Kg2 f6 45. Rc6 Bd2 1-0